000 01299nam2a2200289 4500
001 RU\NLR\BIBL_A\010711974
005 20250806200612.0
035 _a(NLR Aleph) 010711974
090 _a86737
_c86737
100 _a20250806 rusy50
135 _acrgn 008anaba
200 0 _a1944, № 15 (10 сент.)
210 _d1944
325 1 _aКопия доступна в электронной библиотеке РНБ
461 0 _1001RU\NLR\BIBL_A\010707659
_12001#$aСмена на торфопредприятии "Ириновское"$v1944, № 15 (10 сент.)
852 _aNLR
_jЛ2 пр.2
856 0 _uhttp://vivaldi.nlr.ru/pn000152045/view
856 1 _uhttp://vivaldi.nlr.ru/pn000152045/cover
856 2 _uhttp://vivaldi.nlr.ru/pn000152045/text
901 _eГазеты
942 _cISSNP
945 _aРоссийская национальная библиотека
980 _aNB
980 _aBV
981 3 7 _a(37) Ленинград в Великой Отечественной войне
_b(37) Газеты блокадного Ленинграда
981 2 7 _a(27) Периодические издания
_b(27) Газеты